<?xml version="1.0" encoding="UTF-8"?><?xml-stylesheet type="text/xsl" href="static/style.xsl"?><OAI-PMH xmlns="http://www.openarchives.org/OAI/2.0/" xmlns:xsi="http://www.w3.org/2001/XMLSchema-instance" xsi:schemaLocation="http://www.openarchives.org/OAI/2.0/ http://www.openarchives.org/OAI/2.0/OAI-PMH.xsd"><responseDate>2026-04-13T13:14:27Z</responseDate><request verb="GetRecord" identifier="oai:www.recercat.cat:2117/439746" metadataPrefix="marc">https://recercat.cat/oai/request</request><GetRecord><record><header><identifier>oai:recercat.cat:2117/439746</identifier><datestamp>2025-08-03T17:51:11Z</datestamp><setSpec>com_2072_1033</setSpec><setSpec>col_2072_452951</setSpec></header><metadata><record xmlns="http://www.loc.gov/MARC21/slim" xmlns:dcterms="http://purl.org/dc/terms/" xmlns:xsi="http://www.w3.org/2001/XMLSchema-instance" xmlns:doc="http://www.lyncode.com/xoai" xsi:schemaLocation="http://www.loc.gov/MARC21/slim http://www.loc.gov/standards/marcxml/schema/MARC21slim.xsd">
   <leader>00925njm 22002777a 4500</leader>
   <datafield ind2=" " ind1=" " tag="042">
      <subfield code="a">dc</subfield>
   </datafield>
   <datafield ind2=" " ind1=" " tag="720">
      <subfield code="a">Saavedra Romero, Álex</subfield>
      <subfield code="e">author</subfield>
   </datafield>
   <datafield ind2=" " ind1=" " tag="260">
      <subfield code="c">2025-07-11</subfield>
   </datafield>
   <datafield ind2=" " ind1=" " tag="520">
      <subfield code="a">The master’s Thesis involves the analysis, updating, and improvement of a real-world use case in the pharmaceutical industry, focusing on weighing, dispensing, and Electronic Batch Record (EBR) processes. It will be developed in TrakSYS version 13, incorporating new functionalities and implementing modern connectivity standards (DataOps, MQTT, etc.). The project aims to ensure that the course aligns with the current needs of the pharmaceutical industry, the software's new capabilities, and the latest regulatory requirement.</subfield>
   </datafield>
   <datafield ind2=" " ind1=" " tag="520">
      <subfield code="a">El treball de fi de màster consisteix en l'anàlisi, actualització i millora d'un cas d'ús del món real en la indústria farmacèutica, centrant-se en els processos de pesatge, dispensació i registre electrònic per lots (EBR). Es desenvoluparà en la versió 13 de TrakSYS, incorporant noves funcionalitats i implementant estàndards de connectivitat moderns (DataOps, MQTT, etc.). El projecte pretén assegurar que el curs s'alineï amb les necessitats actuals de la indústria farmacèutica, les noves capacitats del programari i els últims requisits reguladors.</subfield>
   </datafield>
   <datafield ind2=" " ind1=" " tag="520">
      <subfield code="a">Este trabajo consiste en el análisis, actualización y mejora de un caso de uso real en la industria farmacéutica, enfocado en los procesos de pesaje, dispensación y registro electrónico de lotes (Electronic Batch Record, EBR). Este se desarrollará en la versión 13 de TrakSYS, incorporando nuevas funcionalidades e implementando estándares de la conectividad moderna (DataOps, MQTT,etc.). El proyecto busca garantizar que el curso esté alineado con las necesidades actuales de la industria farmacéutica, las nuevas capacidades del software y las exigencias regulatorias más recientes.</subfield>
   </datafield>
   <datafield ind1="8" ind2=" " tag="024">
      <subfield code="a">http://hdl.handle.net/2117/439746</subfield>
   </datafield>
   <datafield tag="653" ind2=" " ind1=" ">
      <subfield code="a">Àrees temàtiques de la UPC::Enginyeria electrònica</subfield>
   </datafield>
   <datafield tag="653" ind2=" " ind1=" ">
      <subfield code="a">Àrees temàtiques de la UPC::Informàtica</subfield>
   </datafield>
   <datafield tag="653" ind2=" " ind1=" ">
      <subfield code="a">Pharmaceutical industry</subfield>
   </datafield>
   <datafield tag="653" ind2=" " ind1=" ">
      <subfield code="a">Production management</subfield>
   </datafield>
   <datafield tag="653" ind2=" " ind1=" ">
      <subfield code="a">Industrial electronics</subfield>
   </datafield>
   <datafield tag="653" ind2=" " ind1=" ">
      <subfield code="a">Production efficiency</subfield>
   </datafield>
   <datafield tag="653" ind2=" " ind1=" ">
      <subfield code="a">EBR</subfield>
   </datafield>
   <datafield tag="653" ind2=" " ind1=" ">
      <subfield code="a">Pharmaceutical industry</subfield>
   </datafield>
   <datafield tag="653" ind2=" " ind1=" ">
      <subfield code="a">MBR</subfield>
   </datafield>
   <datafield tag="653" ind2=" " ind1=" ">
      <subfield code="a">Electronic batch records</subfield>
   </datafield>
   <datafield tag="653" ind2=" " ind1=" ">
      <subfield code="a">MQTT</subfield>
   </datafield>
   <datafield tag="653" ind2=" " ind1=" ">
      <subfield code="a">DataOps</subfield>
   </datafield>
   <datafield tag="653" ind2=" " ind1=" ">
      <subfield code="a">Weigh and disepensing</subfield>
   </datafield>
   <datafield tag="653" ind2=" " ind1=" ">
      <subfield code="a">Digital transformation</subfield>
   </datafield>
   <datafield tag="653" ind2=" " ind1=" ">
      <subfield code="a">Batch record management</subfield>
   </datafield>
   <datafield tag="653" ind2=" " ind1=" ">
      <subfield code="a">Indústria farmacèutica</subfield>
   </datafield>
   <datafield tag="653" ind2=" " ind1=" ">
      <subfield code="a">Producció--Direcció i administració</subfield>
   </datafield>
   <datafield tag="653" ind2=" " ind1=" ">
      <subfield code="a">Electrònica industrial</subfield>
   </datafield>
   <datafield ind2="0" ind1="0" tag="245">
      <subfield code="a">Study and improvement of a real-life use case for pharmaceutical weighing, dispensing, and electronic batch recording (EBR), developed in TrakSYS and featuring modern connectivity standards</subfield>
   </datafield>
</record></metadata></record></GetRecord></OAI-PMH>